[Event "AUT-ch Open 2020"]
[Site "Graz"]
[Date "2020.02.19"]
[Round "7.13"]
[White "Dragnev, Valentin"]
[Black "Drnovsek, Gal"]
[Result "1-0"]
[WhiteElo "2549"]
[BlackElo "2549"]
[Annotator "ChessBase"]
[PlyCount "73"]
[EventDate "2020.02.14"]
[EventType "swiss"]
[EventCountry "AUT"]
[SourceTitle "playchess.com"]
[Source "ChessBase"]
[SourceQuality "1"]
[TimeControl "40/5400+30:1800+30"]

1. e4 {[%emt 0:00:00]} c5 {[%emt 0:00:13]} 2. Nf3 {[%emt 0:00:00]} d6 {[%emt 0:00:04]} 3. d4 {[%emt 0:00:00]} cxd4 {[%emt 0:00:08]} 4. Nxd4 {[%emt 0:00:00]} Nf6 {[%emt 0:00:10]} 5. Nc3 {[%emt 0:00:01]} a6 {[%emt 0:00:06]} 6. g3 {[%emt 0:00:03]} e5 {[%emt 0:03:19]} 7. Nde2 {[%emt 0:00:19]} Be7 {[%emt 0:00:07]} 8. Bg2 {[%emt 0:00:06]} O-O {[%emt 0:00:39]} 9. O-O {[%emt 0:00:07]} Nbd7 {[%emt 0:02:55]} 10. a4 {[%emt 0:00:23]} b6 {[%emt 0:01:43]} 11. Nd5 {[%emt 0:00:07]} Bb7 {[%emt 0:06:41]} 12. Nec3 {[%emt 0:01:27]} Nxd5 {[%emt 0:03:15]} 13. Nxd5 {[%emt 0:00:10]} Nf6 {[%emt 0:01:39]} 14. Nxe7+ {[%emt 0:16:26]} Qxe7 {[%emt 0:00:05]} 15. Qd3 {[%emt 0:00:10]} Rfd8 {[%emt 0:10:10]} 16. Be3 {[%emt 0:05:01]} Nd7 {[%emt 0:07:48]} 17. b4 {[%emt 0:06:17]} d5 {[%emt 0:05:38]} 18. exd5 {[%emt 0:01:39]} Qxb4 {[%emt 0:00:07]} 19. Rfb1 {[%emt 0:00:12]} Qd6 {[%emt 0:00:50]} 20. c4 {[%emt 0:25:42]} a5 {[%emt 0:11:33]} 21. Bh3 {[%emt 0:00:41]} Nc5 {[%emt 0:01:28]} 22. Qa3 {[%emt 0:05:55]} Ba6 {[%emt 0:00:27]} 23. Bf1 {[%emt 0:00:28]} Rac8 {[%emt 0:06:47]} 24. Rb2 {[%emt 0:01:22]} Rc7 {[%emt 0:01:47]} 25. Rab1 {[%emt 0:01:21]} Rb8 {[%emt 0:00:06]} 26. f4 {[%emt 0:10:37]} f6 {[%emt 0:00:55]} 27. fxe5 {[%emt 0:00:20]} fxe5 {[%emt 0:00:08]} 28. Rf2 {[%emt 0:00:47]} Rf8 {[%emt 0:01:46]} 29. Rxf8+ {[%emt 0:04:10]} Kxf8 {[%emt 0:00:06]} 30. Qb2 {[%emt 0:00:23]} Rb7 {[%emt 0:02:32]} 31. Qf2+ {[%emt 0:02:11]} Kg8 {[%emt 0:01:08]} 32. Bh3 {[%emt 0:03:49]} Nxa4 {[%emt 0:13:02]} 33. Be6+ {[%emt 0:04:57]} Kh8 {[%emt 0:00:04]} 34. Bc8 {[%emt 0:02:15]} Ra7 {[%emt 0:01:41]} 35. Bxb6 {[%emt 0:00:28]} Ra8 {[%emt 0:01:27]} 36. Bxa6 {[%emt 0:00:11]} Rxa6 {[%emt 0:00:05]} 37. Bc7 {[%emt 0:00:25]} 1-0

[Event "AUT-ch Open 2020"]
[Site "Graz"]
[Date "2020.02.19"]
[Round "7.13"]
[White "Nisavic, Uros"]
[Black "Milikow, Yoav"]
[Result "0-1"]
[WhiteElo "2020"]
[BlackElo "2296"]
[Annotator "NA"]
[PlyCount "86"]
[EventDate "2020.02.14"]
[EventType "swiss"]
[EventCountry "AUT"]
[SourceTitle "playchess.com"]
[Source "ChessBase"]
[SourceQuality "1"]
[TimeControl "40/5400+30:1800+30"]

1. d4 {[%emt 0:00:00]} Nf6 {[%emt 0:00:00]} 2. c4 {[%emt 0:00:00]} g6 {[%emt 0:00:06]} 3. Nc3 {[%emt 0:00:00]} d5 {[%emt 0:00:08]} 4. cxd5 {[%emt 0:00:00]} Nxd5 {[%emt 0:00:02]} 5. e4 {[%emt 0:00:08]} Nxc3 {[%emt 0:00:04]} 6. bxc3 {[%emt 0:00:05]} Bg7 {[%emt 0:00:11]} 7. Nf3 {[%emt 0:00:07]} c5 {[%emt 0:00:35]} 8. Be3 {[%emt 0:00:08]} Qa5 {[%emt 0:00:25]} 9. Qd2 {[%emt 0:00:07]} O-O {[%emt 0:00:38]} 10. Rc1 {[%emt 0:00:09]} cxd4 {[%emt 0:01:55]} 11. cxd4 {[%emt 0:00:10]} Qxd2+ {[%emt 0:00:22]} 12. Bxd2 {[%emt 0:01:59]} e6 {[%emt 0:04:19]} 13. Be3 {[%emt 0:05:34]} Nc6 {[%emt 0:07:11]} 14. Be2 {[%emt 0:14:06]} Rd8 {[%emt 0:04:33]} 15. Rc4 {[%emt 0:15:12]} f5 {[%emt 0:05:58]} 16. e5 {[%emt 0:03:52]} h6 {[%emt 0:02:45]} 17. h4 {[%emt 0:03:56]} Ne7 {[%emt 0:09:46]} 18. O-O {[%emt 0:05:16]} Nd5 {[%emt 0:00:32]} 19. Bd2 {[%emt 0:00:23]} Bd7 {[%emt 0:02:50]} 20. Rcc1 {[%emt 0:01:54]} Bf8 {[%emt 0:02:11]} 21. Bc4 {[%emt 0:05:19]} Bc6 {[%emt 0:03:21]} 22. Rb1 {[%emt 0:04:13]} Rac8 {[%emt 0:02:26]} 23. Rfc1 {[%emt 0:08:11]} Kf7 {[%emt 0:03:22]} 24. Bb3 {[%emt 0:11:50]} Ne7 {[%emt 0:06:58]} 25. Be3 {[%emt 0:01:59]} b6 {[%emt 0:02:12]} 26. Rd1 {[%emt 0:01:53]} Rc7 {[%emt 0:03:04]} 27. Rbc1 {[%emt 0:00:37]} Rdc8 {[%emt 0:01:45]} 28. Ne1 {[%emt 0:00:34]} Nd5 {[%emt 0:01:55]} 29. Bd2 {[%emt 0:02:12]} a5 {[%emt 0:06:22]} 30. Rb1 {[%emt 0:06:17]} Ne7 {[%emt 0:03:11]} 31. Nd3 {[%emt 0:06:42]} a4 {[%emt 0:03:29]} 32. Bc4 {[%emt 0:01:01]} Nd5 {[%emt 0:01:41]} 33. Bxd5 {[%emt 0:01:30]} Bxd5 {[%emt 0:00:07]} 34. Nb4 {[%emt 0:00:25]} Be4 {[%emt 0:01:05]} 35. Rb2 {[%emt 0:00:39]} Rc4 {[%emt 0:00:18]} 36. d5 {[%emt 0:00:45]} Rd4 {[%emt 0:00:55]} 37. d6 {[%emt 0:00:35]} Bg7 {[%emt 0:01:01]} 38. f4 {[%emt 0:00:25]} g5 {[%emt 0:01:01]} 39. Rc1 {[%emt 0:00:44]} Rxc1+ {[%emt 0:00:17]} 40. Bxc1 {[%emt 0:00:15]} Rd1+ {[%emt 0:00:14]} 41. Kh2 {[%emt 0:30:21]} Rxc1 {[%emt 0:30:19]} 42. Rd2 {[%emt 0:00:49]} Rc8 {[%emt 0:01:04]} 43. g3 {[%emt 0:00:00]} Rc1 {[%emt 0:00:00]} 0-1

[Event "AUT-ch Open 2020"]
[Site "Graz"]
[Date "2020.02.19"]
[Round "7.14"]
[White "Tomazini, Zan"]
[Black "Palac, Mladen"]
[Result "0-1"]
[WhiteElo "2536"]
[BlackElo "2536"]
[Annotator "TA"]
[PlyCount "102"]
[EventDate "2020.02.14"]
[EventType "swiss"]
[EventCountry "AUT"]
[SourceTitle "playchess.com"]
[Source "ChessBase"]
[SourceQuality "1"]

{[%evp 9,102,5,16,12,20,0,0,0,0,-4,0,-6,-14,-11,-14,-10,-7,-21,-11,-14,-6,-35,-10,-29,-16,-15,-7,-30,-35,-29,-35,-29,-25,-42,0,-37,-8,-37,-37,-35,6,-8,25,-60,15,14,37,18,37,-118,-109,-126,-118,-126,-126,-126,-119,-104,-110,-331,-317,-332,-317,-954,-922,-899,-635,-681,-503,-493,-502,-482,-473,-762,-764,-735,-740,-706,-702,-29989,-29990,-29990,-29991,-29992,-29993,-29993,-29985,-29985,-29983,-29986,-29987,-29990,-29991,-29991,-29992]} 1. e4 c5 2. Nf3 d6 3. Bb5+ Bd7 4. Bxd7+ Qxd7 5. d4 cxd4 6. Qxd4 {B52: Sicilian: Moscow Variation with 3...Bd7.} Nc6 7. Qe3 {[#]} g6 $146 ({Predecessor:} 7... Nf6 8. O-O e6 9. c4 Be7 10. Nc3 b6 11. Rd1 Qb7 12. b3 O-O 13. Ba3 Rfd8 {½-½ (21) Luther,T (2567)-Donchenko,A (2326) Germany 2015}) 8. O-O {The position is equal.} Bg7 9. c4 Rc8 10. Nbd2 Nf6 11. Rb1 a6 12. h3 O-O 13. b3 b5 14. Bb2 Qb7 15. Rfd1 Rfd8 16. Nh2 e5 17. Ng4 Nd7 18. Nh6+ Kf8 19. Ba3 b4 20. Bc1 Nc5 21. Nf3 f6 22. h4 Ne6 23. g3 a5 24. Rb2 Ncd4 25. Nxd4 Nxd4 26. g4 {[#]} (26. f3 $11) 26... Qd7 ({Black should play} 26... a4 $1 $15 {[%mdl 512]}) 27. Qg3 $11 Qb7 28. Qg2 Ne6 29. Rd5 $2 {[#]} (29. g5 $14 {keeps the upper hand.}) 29... Nf4 $1 $36 {[%cal Rf4g2][%mdl 2048] Black is on the roll.} 30. Bxf4 exf4 31. e5 {Threatening exf6.} Bxh6 32. exf6 {Strongly threatening g5.} Kf7 33. g5 Bf8 34. Rxa5 $2 {[#] Now White is beyond hope.} (34. Re2 $17) 34... f3 $1 $19 {[%cal Rf3g2]} 35. Qg4 Rc5 36. Ra4 $2 (36. Rb5 Rxb5 37. cxb5) 36... Re8 37. Rb1 h5 38. Qd4 Re4 39. Ra7 Rxd4 40. Rxb7+ Kg8 41. Rxb4 (41. Kh2 $142 Rxh4+ 42. Kg3 Rg4+ 43. Kxf3) 41... Rxh4 42. Rb5 Rg4+ {[%mdl 64] Double Attack} 43. Kh2 Rg2+ 44. Kh3 Rxb5 {[%mdl 64] Overworked Piece. Black mates.} 45. cxb5 {[%mdl 4096] Endgame KRB-KR} d5 46. a4 Bd6 {[%csl Gd6][%cal Rg2h2]} 47. Rh1 Rxf2 48. a5 Ra2 49. a6 Kf7 50. b4 d4 51. Kh4 d3 {Accuracy: White = 64%, Black = 87%.} 0-1

[Event "AUT-ch Open 2020"]
[Site "Graz"]
[Date "2020.02.19"]
[Round "7.14"]
[White "Matt, Fabian"]
[Black "Froewis, Annika"]
[Result "1-0"]
[WhiteElo "2290"]
[BlackElo "2121"]
[Annotator "NA"]
[PlyCount "55"]
[EventDate "2020.02.14"]
[EventType "swiss"]
[EventCountry "AUT"]
[SourceTitle "playchess.com"]
[Source "ChessBase"]
[SourceQuality "1"]
[TimeControl "40/5400+30:1800+30"]

1. c4 {[%emt 0:00:00]} e6 {[%emt 0:00:25]} 2. d4 {[%emt 0:00:00]} d5 {[%emt 0:00:06]} 3. Nc3 {[%emt 0:00:51]} Nf6 {[%emt 0:00:15]} 4. Nf3 {[%emt 0:00:39]} c6 {[%emt 0:04:21]} 5. e3 {[%emt 0:00:53]} Nbd7 {[%emt 0:00:27]} 6. Qc2 {[%emt 0:00:26]} b6 {[%emt 0:00:28]} 7. cxd5 {[%emt 0:02:55]} exd5 {[%emt 0:02:41]} 8. Bd3 {[%emt 0:00:15]} Bb7 {[%emt 0:04:27]} 9. Ne5 {[%emt 0:02:53]} Nxe5 {[%emt 0:08:34]} 10. dxe5 {[%emt 0:00:07]} Nd7 {[%emt 0:00:10]} 11. f4 {[%emt 0:00:32]} Nc5 {[%emt 0:00:54]} 12. Be2 {[%emt 0:04:26]} d4 {[%emt 0:05:08]} 13. exd4 {[%emt 0:01:24]} Qxd4 {[%emt 0:00:07]} 14. Bd2 {[%emt 0:11:13]} O-O-O {[%emt 0:05:20]} 15. O-O-O {[%emt 0:04:49]} Nd3+ {[%emt 0:07:59]} 16. Kb1 {[%emt 0:00:02]} Kb8 {[%emt 0:14:56]} 17. Bc1 {[%emt 0:02:14]} Ba6 {[%emt 0:02:07]} 18. Rhf1 {[%emt 0:01:59]} c5 {[%emt 0:01:06]} 19. Rf3 {[%emt 0:01:00]} c4 {[%emt 0:01:59]} 20. Qa4 {[%emt 0:00:27]} Kb7 {[%emt 0:08:17]} 21. Rfxd3 {[%emt 0:02:21]} cxd3 {[%emt 0:00:59]} 22. Bf3+ {[%emt 0:00:06]} Kb8 {[%emt 0:00:24]} 23. Qxa6 {[%emt 0:00:08]} Qd7 {[%emt 0:02:57]} 24. Nb5 {[%emt 0:04:08]} Bb4 {[%emt 0:03:31]} 25. Be3 {[%emt 0:02:49]} Bc5 {[%emt 0:02:39]} 26. Bxc5 {[%emt 0:00:21]} bxc5 {[%emt 0:00:06]} 27. Bc6 {[%emt 0:00:18]} Qe7 {[%emt 0:00:12]} 28. Nd6 {[%emt 0:00:10]} 1-0

[Event "AUT-ch Open 2020"]
[Site "Graz"]
[Date "2020.02.19"]
[Round "7.15"]
[White "Lodici, Lorenzo"]
[Black "Banzea, Alexandru-Bogdan"]
[Result "1-0"]
[WhiteElo "2492"]
[BlackElo "2368"]
[Annotator "ChessBase"]
[PlyCount "65"]
[EventDate "2020.02.14"]
[EventType "swiss"]
[EventCountry "AUT"]
[SourceTitle "playchess.com"]
[Source "ChessBase"]
[SourceQuality "1"]
[TimeControl "40/5400+30:1800+30"]

1. d4 {[%emt 0:00:00]} Nf6 {[%emt 0:00:00]} 2. Bf4 {[%emt 0:00:00]} g6 {[%emt 0:01:37]} 3. Nc3 {[%emt 0:00:00]} d5 {[%emt 0:00:08]} 4. h4 {[%emt 0:00:00]} Bg7 {[%emt 0:03:23]} 5. e3 {[%emt 0:00:00]} c6 {[%emt 0:01:20]} 6. Be2 {[%emt 0:09:55]} h5 {[%emt 0:00:12]} 7. Nf3 {[%emt 0:00:03]} Bf5 {[%emt 0:09:23]} 8. Qd2 {[%emt 0:09:56]} a5 {[%emt 0:01:42]} 9. Ng5 {[%emt 0:00:44]} b5 {[%emt 0:22:30]} 10. f3 {[%emt 0:01:32]} Na6 {[%emt 0:09:13]} 11. e4 {[%emt 0:05:53]} Bc8 {[%emt 0:00:43]} 12. e5 {[%emt 0:07:57]} Nh7 {[%emt 0:03:04]} 13. Nd1 {[%emt 0:01:41]} Nxg5 {[%emt 0:02:03]} 14. hxg5 {[%emt 0:00:38]} Nc7 {[%emt 0:00:44]} 15. Nf2 {[%emt 0:03:31]} Ne6 {[%emt 0:03:19]} 16. Be3 {[%emt 0:03:12]} Qb6 {[%emt 0:00:46]} 17. c3 {[%emt 0:04:38]} Ba6 {[%emt 0:09:00]} 18. Nd3 {[%emt 0:05:25]} b4 {[%emt 0:09:58]} 19. Kf2 {[%emt 0:04:09]} Rb8 {[%emt 0:03:39]} 20. f4 {[%emt 0:09:28]} Kd7 {[%emt 0:02:24]} 21. g4 {[%emt 0:05:08]} hxg4 {[%emt 0:00:12]} 22. Bxg4 {[%emt 0:00:13]} Bxd3 {[%emt 0:01:06]} 23. Qxd3 {[%emt 0:00:01]} bxc3 {[%emt 0:01:13]} 24. bxc3 {[%emt 0:00:02]} Qb5 {[%emt 0:01:05]} 25. Qxb5 {[%emt 0:01:37]} cxb5 {[%emt 0:00:01]} 26. Rxh8 {[%emt 0:02:49]} Rxh8 {[%emt 0:02:18]} 27. a4 {[%emt 0:00:15]} Kc6 {[%emt 0:03:59]} 28. Bxe6 {[%emt 0:03:58]} fxe6 {[%emt 0:00:05]} 29. axb5+ {[%emt 0:00:13]} Kxb5 {[%emt 0:00:09]} 30. Ke2 {[%emt 0:00:00]} Kc4 {[%emt 0:02:03]} 31. Rxa5 {[%emt 0:00:56]} Rh2+ {[%emt 0:00:51]} 32. Bf2 {[%emt 0:00:13]} Kxc3 {[%emt 0:01:06]} 33. Rc5+ {[%emt 0:00:05]} 1-0

[Event "AUT-ch Open 2020"]
[Site "Graz"]
[Date "2020.02.19"]
[Round "7.15"]
[White "Murray, David"]
[Black "Welling, Gerard"]
[Result "1/2-1/2"]
[WhiteElo "2145"]
[BlackElo "2286"]
[Annotator "NA"]
[PlyCount "26"]
[EventDate "2020.02.14"]
[EventType "swiss"]
[EventCountry "AUT"]
[SourceTitle "playchess.com"]
[Source "ChessBase"]
[SourceQuality "1"]
[TimeControl "40/5400+30:1800+30"]

1. e4 {[%emt 0:00:00]} g6 {[%emt 0:00:01]} 2. d4 {[%emt 0:00:00]} Bg7 {[%emt 0:00:18]} 3. c3 {[%emt 0:00:01]} d6 {[%emt 0:00:42]} 4. Bd3 {[%emt 0:00:48]} e5 {[%emt 0:02:45]} 5. dxe5 {[%emt 0:02:32]} dxe5 {[%emt 0:00:07]} 6. Nf3 {[%emt 0:01:41]} Nd7 {[%emt 0:01:24]} 7. O-O {[%emt 0:02:00]} Ngf6 {[%emt 0:00:21]} 8. Qe2 {[%emt 0:02:56]} O-O {[%emt 0:00:29]} 9. Rd1 {[%emt 0:02:54]} Nh5 {[%emt 0:05:28]} 10. Bg5 {[%emt 0:04:39]} Bf6 {[%emt 0:00:48]} 11. Bh6 {[%emt 0:02:42]} Bg7 {[%emt 0:02:51]} 12. Bg5 {[%emt 0:04:23]} Bf6 {[%emt 0:12:42]} 13. Bh6 {[%emt 0:01:17]} Bg7 {[%emt 0:03:15]} 1/2-1/2

[Event "AUT-ch Open 2020"]
[Site "Graz"]
[Date "2020.02.19"]
[Round "7.16"]
[White "Yankelevich, Lev"]
[Black "Nitin, S.."]
[Result "0-1"]
[WhiteElo "2473"]
[BlackElo "2353"]
[Annotator "ChessBase"]
[PlyCount "101"]
[EventDate "2020.02.14"]
[EventType "swiss"]
[EventCountry "AUT"]
[SourceTitle "playchess.com"]
[Source "ChessBase"]
[SourceQuality "1"]
[TimeControl "40/5400+30:1800+30"]

1. d4 Nf6 {[%emt 0:01:53]} 2. c4 {[%emt 0:00:00]} g6 {[%emt 0:00:07]} 3. Nc3 {[%emt 0:00:00]} Bg7 {[%emt 0:00:08]} 4. e4 {[%emt 0:00:00]} d6 {[%emt 0:00:08]} 5. f3 {[%emt 0:00:00]} O-O {[%emt 0:00:17]} 6. Be3 {[%emt 0:00:00]} a6 {[%emt 0:00:43]} 7. Qd2 {[%emt 0:00:02]} Nc6 {[%emt 0:00:19]} 8. Nge2 {[%emt 0:00:24]} Na5 {[%emt 0:00:19]} 9. Nc1 {[%emt 0:06:58]} Nd7 {[%emt 0:01:58]} 10. Nb3 {[%emt 0:13:04]} c5 {[%emt 0:10:35]} 11. Rd1 {[%emt 0:01:03]} Nxb3 {[%emt 0:09:41]} 12. axb3 {[%emt 0:01:10]} cxd4 {[%emt 0:00:11]} 13. Bxd4 {[%emt 0:00:08]} Bxd4 {[%emt 0:00:30]} 14. Qxd4 {[%emt 0:00:05]} Qa5 {[%emt 0:06:54]} 15. Qd2 {[%emt 0:14:14]} Nf6 {[%emt 0:09:20]} 16. Na4 {[%emt 0:01:25]} Qc7 {[%emt 0:01:39]} 17. Qd4 {[%emt 0:00:22]} Qa5+ {[%emt 0:04:29]} 18. Qd2 {[%emt 0:06:07]} Qc7 {[%emt 0:00:28]} 19. Qd4 {[%emt 0:01:24]} Qa5+ {[%emt 0:00:11]} 20. Qc3 {[%emt 0:00:22]} Qc7 {[%emt 0:00:22]} 21. Qe3 {[%emt 0:04:13]} Qa5+ {[%emt 0:01:08]} 22. Qc3 {[%emt 0:00:31]} Qc7 {[%emt 0:00:10]} 23. c5 {[%emt 0:10:02]} dxc5 {[%emt 0:00:51]} 24. Nxc5 {[%emt 0:02:28]} b6 {[%emt 0:11:40]} 25. Na4 {[%emt 0:01:57]} Qa7 {[%emt 0:04:11]} 26. e5 {[%emt 0:28:49]} Nd7 {[%emt 0:02:25]} 27. e6 {[%emt 0:00:48]} fxe6 {[%emt 0:00:13]} 28. Qe3 {[%emt 0:00:18]} Rf6 {[%emt 0:01:55]} 29. Bc4 {[%emt 0:01:52]} b5 {[%emt 0:00:22]} 30. Bxe6+ {[%emt 0:00:06]} Kg7 {[%emt 0:00:54]} 31. Rd4 {[%emt 0:01:36]} bxa4 {[%emt 0:02:03]} 32. Bxd7 {[%emt 0:01:44]} Bxd7 {[%emt 0:00:23]} 33. Qxe7+ {[%emt 0:00:04]} Rf7 {[%emt 0:00:09]} 34. Qe5+ {[%emt 0:00:02]} Kg8 {[%emt 0:00:13]} 35. O-O {[%emt 0:00:01]} Re8 {[%emt 0:00:34]} 36. Qd6 {[%emt 0:00:21]} Bb5 {[%emt 0:02:30]} 37. Rfd1 {[%emt 0:00:11]} Rd7 {[%emt 0:01:02]} 38. Qf6 {[%emt 0:00:06]} axb3 {[%emt 0:01:41]} 39. h4 {[%emt 0:00:15]} Re1+ {[%emt 0:03:22]} 40. Kh2 {[%emt 0:00:09]} Qc7+ {[%emt 0:00:51]} 41. Rf4 {[%emt 0:30:03]} Rf7 {[%emt 0:35:55]} 42. Qd8+ {[%emt 0:06:04]} Qxd8 {[%emt 0:00:16]} 43. Rxd8+ {[%emt 0:00:03]} Kg7 {[%emt 0:02:59]} 44. Rb4 {[%emt 0:00:03]} Re3 {[%emt 0:00:10]} 45. Kg3 {[%emt 0:00:21]} Rc7 {[%emt 0:00:42]} 46. Rf4 {[%emt 0:00:46]} Re2 {[%emt 0:01:24]} 47. Rff8 {[%emt 0:00:09]} Bc4 {[%emt 0:00:17]} 48. h5 {[%emt 0:00:25]} gxh5 {[%emt 0:00:44]} 49. f4 {[%emt 0:00:02]} Rxb2 {[%emt 0:00:57]} 50. f5 {[%emt 0:00:05]} Bf7 {[%emt 0:00:12]} 51. Kf4 {[%emt 0:00:09]} 0-1

[Event "AUT-ch Open 2020"]
[Site "Graz"]
[Date "2020.02.19"]
[Round "7.17"]
[White "Horvath, Dominik"]
[Black "Steindl, Johannes"]
[Result "0-1"]
[WhiteElo "2450"]
[BlackElo "2273"]
[Annotator "ChessBase"]
[PlyCount "142"]
[EventDate "2020.02.14"]
[EventType "swiss"]
[EventCountry "AUT"]
[SourceTitle "playchess.com"]
[Source "ChessBase"]
[SourceQuality "1"]
[TimeControl "40/5400+30:1800+30"]

1. Nf3 {[%emt 0:00:00]} Nf6 {[%emt 0:00:00]} 2. g3 {[%emt 0:00:00]} g6 {[%emt 0:00:00]} 3. Bg2 {[%emt 0:00:00]} Bg7 {[%emt 0:00:00]} 4. O-O {[%emt 0:00:00]} O-O {[%emt 0:00:00]} 5. c4 {[%emt 0:00:02]} Nc6 {[%emt 0:00:00]} 6. d4 {[%emt 0:01:19]} d5 {[%emt 0:00:49]} 7. Nbd2 {[%emt 0:02:59]} Be6 {[%emt 0:13:31]} 8. b3 {[%emt 0:01:22]} dxc4 {[%emt 0:00:40]} 9. Nxc4 {[%emt 0:00:38]} Bd5 {[%emt 0:05:25]} 10. Bb2 {[%emt 0:05:26]} a5 {[%emt 0:03:58]} 11. Rc1 {[%emt 0:09:23]} a4 {[%emt 0:00:33]} 12. bxa4 {[%emt 0:01:28]} Ra6 {[%emt 0:00:44]} 13. a3 {[%emt 0:01:47]} Qa8 {[%emt 0:04:43]} 14. a5 {[%emt 0:01:11]} Rc8 {[%emt 0:05:08]} 15. Bh3 {[%emt 0:10:02]} e6 {[%emt 0:03:04]} 16. Nfd2 {[%emt 0:03:05]} Nxa5 {[%emt 0:01:20]} 17. Nxa5 {[%emt 0:00:24]} Rxa5 {[%emt 0:00:04]} 18. f3 {[%emt 0:00:39]} Rd8 {[%emt 0:18:15]} 19. e4 {[%emt 0:02:08]} Bc6 {[%emt 0:00:04]} 20. Nc4 {[%emt 0:05:42]} Rh5 {[%emt 0:09:49]} 21. Bg2 {[%emt 0:01:01]} Bb5 {[%emt 0:00:03]} 22. Qb3 {[%emt 0:06:55]} Qa6 {[%emt 0:06:47]} 23. Rfe1 {[%emt 0:08:44]} Ba4 {[%emt 0:08:04]} 24. Qe3 {[%emt 0:02:14]} Rb5 {[%emt 0:04:13]} 25. Kh1 {[%emt 0:08:32]} Rb3 {[%emt 0:02:10]} 26. Qf4 {[%emt 0:02:25]} b5 {[%emt 0:01:39]} 27. Qxc7 {[%emt 0:02:47]} Rf8 {[%emt 0:00:10]} 28. Bf1 {[%emt 0:04:03]} bxc4 {[%emt 0:08:00]} 29. Bxc4 {[%emt 0:00:05]} Qb6 {[%emt 0:00:03]} 30. Bxb3 {[%emt 0:00:11]} Qxb3 {[%emt 0:00:04]} 31. Qc3 {[%emt 0:05:16]} Qb7 {[%emt 0:00:06]} 32. Qb4 {[%emt 0:01:23]} Qa7 {[%emt 0:00:18]} 33. Qc5 {[%emt 0:01:32]} Qa6 {[%emt 0:00:37]} 34. d5 {[%emt 0:02:50]} exd5 {[%emt 0:01:00]} 35. e5 {[%emt 0:00:19]} Nh5 {[%emt 0:01:39]} 36. Qxd5 {[%emt 0:00:20]} Rb8 {[%emt 0:01:33]} 37. Ba1 {[%emt 0:06:57]} Bb3 {[%emt 0:00:31]} 38. Qd2 {[%emt 0:00:46]} Qa8 {[%emt 0:00:24]} 39. Qd3 {[%emt 0:01:02]} Bd5 {[%emt 0:00:16]} 40. Kg2 {[%emt 0:03:17]} Be6 {[%emt 0:02:50]} 41. Bd4 {[%emt 0:03:39]} Bf8 {[%emt 0:05:12]} 42. Bc5 {[%emt 0:05:41]} Rb2+ {[%emt 0:02:09]} 43. Re2 {[%emt 0:00:06]} Rxe2+ {[%emt 0:11:24]} 44. Qxe2 {[%emt 0:00:04]} Bxc5 {[%emt 0:00:04]} 45. Rxc5 {[%emt 0:00:04]} Qxa3 {[%emt 0:00:03]} 46. Rb5 {[%emt 0:02:11]} h6 {[%emt 0:01:24]} 47. Qd2 {[%emt 0:01:40]} Qa4 {[%emt 0:03:28]} 48. Rb4 {[%emt 0:02:08]} Qa2 {[%emt 0:02:28]} 49. Rb2 {[%emt 0:00:31]} Qa3 {[%emt 0:01:12]} 50. h4 {[%emt 0:01:49]} Kh7 {[%emt 0:00:59]} 51. Rb8 {[%emt 0:00:59]} Qa2 {[%emt 0:01:24]} 52. Rb2 {[%emt 0:00:19]} Qa3 {[%emt 0:00:04]} 53. Rb8 {[%emt 0:02:56]} Qa2 {[%emt 0:00:17]} 54. Rb2 {[%emt 0:00:45]} Qa3 {[%emt 0:00:04]} 55. Rb7 {[%emt 0:03:37]} Bh3+ {[%emt 0:02:03]} 56. Kf2 {[%emt 0:01:37]} Qc5+ {[%emt 0:00:03]} 57. Qe3 {[%emt 0:00:13]} Qc2+ {[%emt 0:00:04]} 58. Ke1 {[%emt 0:02:23]} Be6 {[%emt 0:00:05]} 59. g4 {[%emt 0:03:29]} Ng3 {[%emt 0:00:57]} 60. Rb8 {[%emt 0:03:14]} h5 {[%emt 0:00:31]} 61. gxh5 {[%emt 0:01:06]} Nxh5 {[%emt 0:00:12]} 62. Qd2 {[%emt 0:00:07]} Qc5 {[%emt 0:00:14]} 63. Qg5 {[%emt 0:01:14]} Qc3+ {[%emt 0:00:16]} 64. Kf2 {[%emt 0:00:45]} Qd4+ {[%emt 0:02:42]} 65. Qe3 {[%emt 0:00:21]} Qxh4+ {[%emt 0:00:07]} 66. Ke2 {[%emt 0:00:05]} Ng3+ {[%emt 0:02:27]} 67. Kd1 {[%emt 0:00:03]} Nf5 {[%emt 0:00:41]} 68. Qd3 {[%emt 0:01:22]} Nd4 {[%emt 0:00:56]} 69. Rb4 {[%emt 0:01:09]} Qh1+ {[%emt 0:00:07]} 70. Kd2 {[%emt 0:00:02]} Nxf3+ {[%emt 0:00:24]} 71. Kc3 {[%emt 0:00:42]} Qe1+ {[%emt 0:00:25] Kd4} 0-1

[Event "AUT-ch Open 2020"]
[Site "Graz"]
[Date "2020.02.19"]
[Round "7.17"]
[White "Modler, Andreas"]
[Black "Zverev, Lev"]
[Result "0-1"]
[WhiteElo "2225"]
[BlackElo "1914"]
[Annotator "NA"]
[PlyCount "82"]
[EventDate "2020.02.14"]
[EventType "swiss"]
[EventCountry "AUT"]
[SourceTitle "playchess.com"]
[Source "ChessBase"]
[SourceQuality "1"]
[TimeControl "40/5400+30:1800+30"]

1. c4 {[%emt 0:00:00]} e6 {[%emt 0:00:00]} 2. Nc3 {[%emt 0:00:00]} Nf6 {[%emt 0:00:00]} 3. Nf3 {[%emt 0:00:00]} d5 {[%emt 0:00:00]} 4. d4 {[%emt 0:00:10]} dxc4 {[%emt 0:00:00]} 5. e4 {[%emt 0:07:45]} b5 {[%emt 0:01:01]} 6. Nxb5 {[%emt 0:05:29]} Nxe4 {[%emt 0:00:34]} 7. Qa4 {[%emt 0:04:10]} c6 {[%emt 0:10:58]} 8. Nc3 {[%emt 0:01:00]} Nxc3 {[%emt 0:01:29]} 9. bxc3 {[%emt 0:00:09]} Bd6 {[%emt 0:02:47]} 10. Bxc4 {[%emt 0:00:38]} O-O {[%emt 0:02:33]} 11. O-O {[%emt 0:00:14]} Qc7 {[%emt 0:00:03]} 12. Qc2 {[%emt 0:03:10]} Nd7 {[%emt 0:01:58]} 13. Bd3 {[%emt 0:01:18]} h6 {[%emt 0:00:09]} 14. Qe2 {[%emt 0:07:45]} Nf6 {[%emt 0:05:34]} 15. c4 {[%emt 0:06:09]} c5 {[%emt 0:01:33]} 16. dxc5 {[%emt 0:08:02]} Qxc5 {[%emt 0:01:26]} 17. Bb2 {[%emt 0:00:52]} Bb7 {[%emt 0:00:06]} 18. Bxf6 {[%emt 0:01:03]} gxf6 {[%emt 0:00:06]} 19. Be4 {[%emt 0:05:09]} Bxe4 {[%emt 0:01:28]} 20. Qxe4 {[%emt 0:02:14]} Qh5 {[%emt 0:00:59]} 21. Rfd1 {[%emt 0:10:14]} Rad8 {[%emt 0:00:20]} 22. Rd4 {[%emt 0:02:34]} f5 {[%emt 0:00:50]} 23. Qd3 {[%emt 0:01:52]} Be7 {[%emt 0:00:04]} 24. Rb1 {[%emt 0:04:56]} Bf6 {[%emt 0:00:46]} 25. Rxd8 {[%emt 0:01:21]} Rxd8 {[%emt 0:00:07]} 26. Qe3 {[%emt 0:00:20]} e5 {[%emt 0:00:45]} 27. Qxa7 {[%emt 0:16:48]} e4 {[%emt 0:00:07]} 28. Ne1 {[%emt 0:00:49]} Rd1 {[%emt 0:01:22]} 29. Qb8+ {[%emt 0:00:39]} Kh7 {[%emt 0:00:05]} 30. Qb3 {[%emt 0:03:27]} Rd2 {[%emt 0:00:25]} 31. Qe3 {[%emt 0:02:12]} Re2 {[%emt 0:01:19]} 32. Qf4 {[%emt 0:04:09]} Bd4 {[%emt 0:00:18]} 33. Nd3 {[%emt 0:00:25]} exd3 {[%emt 0:01:51]} 34. Qxd4 {[%emt 0:00:07]} d2 {[%emt 0:00:05]} 35. Rf1 {[%emt 0:00:19]} Qg4 {[%emt 0:00:39]} 36. Qd5 {[%emt 0:00:46]} Qg6 {[%emt 0:01:04]} 37. h4 {[%emt 0:00:48]} Qe6 {[%emt 0:00:20]} 38. Qd3 {[%emt 0:00:41]} Qe4 {[%emt 0:00:07]} 39. Qd7 {[%emt 0:00:37]} Qxc4 {[%emt 0:00:13]} 40. Qxf5+ {[%emt 0:00:16]} Kg7 {[%emt 0:00:05]} 41. Qd7 {[%emt 0:05:44]} Re1 {[%emt 0:00:44]} 0-1